[Event "13. Dubai open 2011"]
[Site "Dubai UAE"]
[Date "2011.04.16"]
[Round "6.5"]
[White "Kazhgaleyev, Murtas"]
[Black "Guliev, Sarhan"]
[Result "1-0"]
[WhiteElo "2618"]
[BlackElo "2497"]
[PlyCount "99"]
[EventDate "2011.04.10"]
[EventType "swiss"]
[EventRounds "9"]
[EventCountry "UAE"]
[Source "lmi"]
[SourceDate "2011.04.09"]

1. e4 e5 2. Nf3 Nc6 3. Bb5 d6 4. O-O Nf6 5. d3 Be7 6. c3 O-O 7. Nbd2 Ng4 8. h3
Nh6 9. d4 exd4 10. cxd4 f5 11. e5 Nf7 12. exd6 Qxd6 13. Re1 Bf6 14. Nb3 Be6 15.
Nc5 Bd5 16. Nxb7 Qb4 17. Bxc6 Bxc6 18. Nc5 Bxf3 19. gxf3 Bxd4 20. Ne6 Rfe8 21.
Bf4 c5 22. Nc7 Rxe1+ 23. Qxe1 Rd8 24. Qxb4 cxb4 25. Ne6 Bxb2 26. Rb1 Re8 27.
Rxb2 Rxe6 28. Rxb4 g5 29. Be3 a6 30. f4 h6 31. Kg2 Kg7 32. Kf3 Kg6 33. a4 Rc6
34. a5 Kf6 35. Rb6 Rxb6 36. axb6 Nd6 37. Bd4+ Kf7 38. Be5 Nb7 39. Ke3 a5 40.
Kd4 Ke6 41. Bg7 g4 42. hxg4 fxg4 43. Bxh6 a4 44. Bf8 Nd8 45. Kc4 Kd7 46. Kb5
Ne6 47. Ba3 Kc8 48. f5 Nd4+ 49. Ka6 Nxf5 50. b7+ 1-0

[Event "13. Dubai open 2011"]
[Site "Dubai UAE"]
[Date "2011.04.16"]
[Round "6.6"]
[White "Kotanjian, Tigran"]
[Black "Hammer, Jon Ludvig"]
[Result "0-1"]
[WhiteElo "2527"]
[BlackElo "2606"]
[PlyCount "94"]
[EventDate "2011.04.10"]
[EventType "swiss"]
[EventRounds "9"]
[EventCountry "UAE"]
[Source "lmi"]
[SourceDate "2011.04.09"]

1. d4 Nf6 2. c4 e6 3. Nc3 d5 4. cxd5 Nxd5 5. e4 Nxc3 6. bxc3 c5 7. Nf3 cxd4 8.
cxd4 Bb4+ 9. Bd2 Bxd2+ 10. Qxd2 O-O 11. Bc4 Nd7 12. O-O b6 13. Qe3 Bb7 14. Nd2
Rc8 15. a4 Nf6 16. f3 Qd7 17. Bb5 Qc7 18. Rfb1 Rfd8 19. a5 Qc3 20. Qxc3 Rxc3
21. axb6 axb6 22. Ra7 Bc8 23. Rb4 Rc2 24. Nb3 Rb2 25. Ra8 Rf8 26. Bf1 Bd7 27.
Ra6 b5 28. Bxb5 Bxb5 29. Rxb5 h5 30. Rab6 h4 31. Na5 Rc2 32. Rb2 Rfc8 33. Rb8
Kh7 34. Rxc8 Rxb2 35. Nc4 Ra2 36. Ne5 Nh5 37. Nxf7 Nf4 38. g3 Ra1+ 39. Kf2 Ra2+
40. Ke1 Nd3+ 41. Kf1 Kg6 42. Nh8+ Kg5 43. Nf7+ Kf6 44. Nd6 Rf2+ 45. Kg1 h3 46.
e5+ Kg6 47. Ne4 Re2 0-1

[Event "13. Dubai open 2011"]
[Site "Dubai UAE"]
[Date "2011.04.16"]
[Round "6.7"]
[White "Laxman, R R."]
[Black "Balogh, Csaba"]
[Result "0-1"]
[WhiteElo "2462"]
[BlackElo "2601"]
[PlyCount "86"]
[EventDate "2011.04.10"]
[EventType "swiss"]
[EventRounds "9"]
[EventCountry "UAE"]
[Source "lmi"]
[SourceDate "2011.04.09"]

1. Nf3 d5 2. d4 Nf6 3. c4 e6 4. g3 Bb4+ 5. Nc3 O-O 6. Bg2 dxc4 7. a3 Bxc3+ 8.
bxc3 c5 9. O-O Qa5 10. Qc2 Nc6 11. e4 h6 12. Be3 Rd8 13. Rfd1 Bd7 14. dxc5 Ng4
15. Qc1 Be8 16. Rxd8 Rxd8 17. Bf1 Qa4 18. Be2 Na5 19. Nd4 Nxe3 20. Qxe3 Nb3 21.
Rf1 Nxc5 22. f4 Nb3 23. Nc2 Nd2 24. Rc1 Bc6 25. Nd4 Nxe4 26. f5 e5 27. Nxc6
Qxc6 28. Qxa7 Ng5 29. h4 Qe4 30. hxg5 Qxe2 31. Qf2 Rd1+ 32. Rxd1 Qxd1+ 33. Kh2
hxg5 34. f6 e4 35. Qf5 Qe2+ 36. Kg1 Qe3+ 37. Kg2 gxf6 38. Qxf6 Qf3+ 39. Qxf3
exf3+ 40. Kxf3 f5 41. a4 Kf7 42. Ke3 Ke6 43. Kd4 g4 0-1

[Event "13. Dubai open 2011"]
[Site "Dubai UAE"]
[Date "2011.04.16"]
[Round "6.8"]
[White "Amin, Bassem"]
[Black "Shyam, Sundar M"]
[Result "1-0"]
[WhiteElo "2596"]
[BlackElo "2457"]
[PlyCount "107"]
[EventDate "2011.04.10"]
[EventType "swiss"]
[EventRounds "9"]
[EventCountry "UAE"]
[Source "lmi"]
[SourceDate "2011.04.09"]

1. e4 e6 2. d3 d5 3. Nd2 Nf6 4. Ngf3 b6 5. g3 dxe4 6. dxe4 Bc5 7. Bg2 Ba6 8. c4
e5 9. b4 Bd6 10. Bb2 Qe7 11. a3 O-O 12. O-O Bb7 13. c5 bxc5 14. bxc5 Bxc5 15.
Nxe5 Rd8 16. Qc2 Na6 17. Nb3 Bb6 18. Nc6 Bxc6 19. Qxc6 Rab8 20. Rac1 Ng4 21.
Qc4 Qe6 22. Qxe6 fxe6 23. Bh3 Bxf2+ 24. Rxf2 Nxf2 25. Bxe6+ Kf8 26. Kxf2 Ke7
27. Bd5 Rxb3 28. Bxb3 Rd2+ 29. Ke3 Rxb2 30. Bc4 Nb8 31. Bg8 c6 32. h4 Rg2 33.
Kf3 Rd2 34. Bxh7 Rd3+ 35. Kf4 Rxa3 36. Bf5 Rb3 37. g4 a5 38. h5 a4 39. Rc4 a3
40. Ra4 c5 41. Ra7+ Kf8 42. Be6 Rb6 43. Bc4 Rf6+ 44. Kg3 Nc6 45. Rxa3 Ne5 46.
g5 Rb6 47. Bd5 c4 48. Kf4 Nd3+ 49. Ke3 Nb4 50. Ra7 Rc6 51. Bxc4 Nc2+ 52. Kd3
Ne1+ 53. Kc3 Nf3 54. Rf7+ 1-0

[Event "13. Dubai open 2011"]
[Site "Dubai UAE"]
[Date "2011.04.16"]
[Round "6.9"]
[White "Kayumov, Dmitry D"]
[Black "Fedorov, Alexei"]
[Result "0-1"]
[WhiteElo "2463"]
[BlackElo "2596"]
[PlyCount "124"]
[EventDate "2011.04.10"]
[EventType "swiss"]
[EventRounds "9"]
[EventCountry "UAE"]
[Source "lmi"]
[SourceDate "2011.04.09"]

1. e4 c5 2. Nf3 e6 3. Nc3 a6 4. d4 cxd4 5. Nxd4 b5 6. Bd3 Bb7 7. O-O Bc5 8. Nb3
Be7 9. Qe2 d6 10. a4 b4 11. Nd1 Nf6 12. f4 Nc6 13. Kh1 Qc7 14. Bd2 O-O 15. c3
e5 16. cxb4 exf4 17. Rc1 Qd7 18. Rxf4 d5 19. e5 Ne4 20. Bxe4 dxe4 21. Rxe4 Qd5
22. Qc4 Na5 23. Nxa5 Qxe4 24. Qxe4 Bxe4 25. Nc3 Bf5 26. Nc6 Bd8 27. h3 f6 28.
Bf4 fxe5 29. Bxe5 Bg5 30. Rd1 Rf7 31. b5 axb5 32. axb5 Rb7 33. b4 Re8 34. Rd5
Be6 35. Rd6 Bc4 36. b6 Rxb6 37. Rd7 Bh6 38. Ne7+ Kf8 39. Ned5 Rbe6 40. Bd6+ Kg8
41. b5 Re1+ 42. Kh2 Be3 43. b6 Bg1+ 44. Kg3 Bxb6 45. Nxb6 R1e3+ 46. Kf4 Rxc3
47. Be5 g5+ 48. Ke4 Bf7 49. Nd5 Bg6+ 50. Kd4 Rd3+ 51. Kc4 Rxe5 52. Nf6+ Kf8 53.
Rxd3 Bxd3+ 54. Kxd3 Kf7 55. Ne4 Ke6 56. g4 h6 57. Kd4 Ra5 58. Nf2 Ra3 59. Nd3
Ra4+ 60. Ke3 Kd5 61. Nf2 Ra3+ 62. Ke2 Kd4 0-1

[Event "13. Dubai open 2011"]
[Site "Dubai UAE"]
[Date "2011.04.16"]
[Round "6.10"]
[White "Guseinov, Gadir"]
[Black "Schneider, Veronika"]
[Result "1-0"]
[WhiteElo "2584"]
[BlackElo "2247"]
[PlyCount "91"]
[EventDate "2011.04.10"]
[EventType "swiss"]
[EventRounds "9"]
[EventCountry "UAE"]
[Source "lmi"]
[SourceDate "2011.04.09"]

1. e4 c5 2. Nc3 e6 3. Nf3 a6 4. d4 cxd4 5. Nxd4 Qc7 6. g3 Bb4 7. Bd2 Nf6 8. Bg2
Nc6 9. Nb3 Be7 10. O-O d6 11. f4 b5 12. a3 Bb7 13. g4 Nd7 14. Qe2 O-O 15. g5
Rae8 16. Qh5 g6 17. Qh6 f6 18. f5 Nde5 19. fxe6 Nd8 20. Qh3 fxg5 21. Nd5 Bxd5
22. exd5 Qxc2 23. Qc3 Qxc3 24. Bxc3 Nc4 25. a4 Rxf1+ 26. Bxf1 Ne3 27. axb5 axb5
28. Bxb5 Rf8 29. Bc6 Nxc6 30. dxc6 Nd5 31. Ra7 Rc8 32. Na5 Kf8 33. Bd2 Bd8 34.
Rxh7 Kg8 35. Rd7 Bxa5 36. Bxa5 Rxc6 37. Rd8+ Kg7 38. Bc3+ Rxc3 39. bxc3 Kf6 40.
c4 Nb6 41. Rxd6 Nxc4 42. Ra6 Ne5 43. Kf2 Nd3+ 44. Kf3 Nf4 45. Ke4 Ke7 46. Ra5
1-0

[Event "13. Dubai open 2011"]
[Site "Dubai UAE"]
[Date "2011.04.16"]
[Round "6.11"]
[White "Akopian, Vladimir"]
[Black "Simantsev, Mikhail"]
[Result "1-0"]
[WhiteElo "2675"]
[BlackElo "2556"]
[PlyCount "63"]
[EventDate "2011.04.10"]
[EventType "swiss"]
[EventRounds "9"]
[EventCountry "UAE"]
[Source "lmi"]
[SourceDate "2011.04.09"]

1. d4 Nf6 2. c4 e6 3. Nf3 b6 4. g3 Bb7 5. Bg2 Be7 6. O-O O-O 7. Re1 Qc8 8. Bg5
h6 9. Bxf6 Bxf6 10. e4 d6 11. Nc3 Nd7 12. Qd2 c6 13. h4 a6 14. Rad1 Rd8 15. g4
c5 16. d5 Ne5 17. g5 hxg5 18. hxg5 Nxf3+ 19. Bxf3 Be5 20. Bg4 Re8 21. g6 f5 22.
exf5 exf5 23. f4 Bd4+ 24. Kf1 fxg4 25. Qh2 Re5 26. Qh7+ Kf8 27. Qh8+ Ke7 28.
Qxg7+ Kd8 29. Qf6+ Kc7 30. fxe5 Kb8 31. Rd3 Ka7 32. Nb5+ 1-0

[Event "13. Dubai open 2011"]
[Site "Dubai UAE"]
[Date "2011.04.16"]
[Round "6.12"]
[White "Andriasian, Zaven"]
[Black "Al-Sayed, Mohammed"]
[Result "1/2-1/2"]
[WhiteElo "2645"]
[BlackElo "2485"]
[PlyCount "69"]
[EventDate "2011.04.10"]
[EventType "swiss"]
[EventRounds "9"]
[EventCountry "UAE"]
[Source "lmi"]
[SourceDate "2011.04.09"]

1. e4 c5 2. Nf3 d6 3. d4 cxd4 4. Nxd4 Nf6 5. Nc3 a6 6. Be3 Nbd7 7. g4 h6 8. h4
b5 9. a4 bxa4 10. f3 Bb7 11. Rxa4 e6 12. Nb3 d5 13. Na5 Qc7 14. Nxb7 Qxb7 15.
Qa1 Bc5 16. Bf4 dxe4 17. Bxa6 Rxa6 18. Rxa6 O-O 19. Qa4 exf3 20. Rf1 f2+ 21.
Ke2 e5 22. Bg3 Bd4 23. Qc6 Qxb2 24. Nd1 Qb8 25. Qc4 Qb7 26. Qc6 Qb8 27. Qc4 Nc5
28. Rxf6 gxf6 29. Qxd4 exd4 30. Bxb8 Rxb8 31. Rxf2 Re8+ 32. Kf3 d3 33. cxd3
Nxd3 34. Rf1 Ne5+ 35. Ke4 1/2-1/2

[Event "13. Dubai open 2011"]
[Site "Dubai UAE"]
[Date "2011.04.16"]
[Round "6.13"]
[White "Salem A R, Saleh"]
[Black "Ganguly, Surya Shekhar"]
[Result "0-1"]
[WhiteElo "2511"]
[BlackElo "2643"]
[PlyCount "68"]
[EventDate "2011.04.10"]
[EventType "swiss"]
[EventRounds "9"]
[EventCountry "UAE"]
[Source "lmi"]
[SourceDate "2011.04.09"]

1. d4 d5 2. c4 dxc4 3. Nf3 Nf6 4. e3 e6 5. Bxc4 c5 6. O-O a6 7. Qe2 b5 8. Bb3
Bb7 9. Rd1 Nbd7 10. Nc3 Qc7 11. Ne5 Be7 12. f4 Qb6 13. a4 b4 14. a5 Qc7 15. Na4
O-O 16. Bd2 cxd4 17. Rdc1 Qd6 18. Nxd7 Nxd7 19. Rc4 d3 20. Qf1 Qb8 21. Bxb4
Bxg2 22. Kxg2 Bxb4 23. Qxd3 Bxa5 24. Bc2 Nf6 25. Nc5 Rd8 26. Rd4 Qc7 27. Ne4
Nd5 28. Bb3 Bb6 29. Bxd5 Bxd4 30. Bxa8 Bxb2 31. Qxa6 Bxa1 32. Qxa1 Qc8 33. Nf6+
gxf6 34. Be4 Qc4 0-1

[Event "13. Dubai open 2011"]
[Site "Dubai UAE"]
[Date "2011.04.16"]
[Round "6.14"]
[White "Kuzubov, Yuriy"]
[Black "Carlsson, Pontus"]
[Result "1-0"]
[WhiteElo "2627"]
[BlackElo "2496"]
[PlyCount "69"]
[EventDate "2011.04.10"]
[EventType "swiss"]
[EventRounds "9"]
[EventCountry "UAE"]
[Source "lmi"]
[SourceDate "2011.04.09"]

1. Nf3 Nf6 2. g3 d5 3. Bg2 c6 4. O-O Bg4 5. d4 Nbd7 6. Nbd2 e6 7. Re1 Be7 8. e4
O-O 9. c3 h6 10. e5 Nh7 11. h3 Bh5 12. h4 c5 13. dxc5 Qc7 14. Qe2 f6 15. exf6
Rxf6 16. b4 e5 17. Qd3 Bf7 18. c4 e4 19. Nxe4 dxe4 20. Qxe4 Re6 21. Bf4 Qc8 22.
Qd3 a5 23. Rxe6 Bxe6 24. Nd4 Bf6 25. Nxe6 Bxa1 26. Nc7 Nhf6 27. Nxa8 Qxa8 28.
c6 bxc6 29. b5 Qe8 30. Bxc6 Qe1+ 31. Kg2 Ne5 32. Bd5+ Kh8 33. Qe3 Qd1 34. Bxe5
Ng4 35. Bxg7+ 1-0

[Event "13. Dubai open 2011"]
[Site "Dubai UAE"]
[Date "2011.04.16"]
[Round "6.15"]
[White "Berg, Emanuel"]
[Black "Petrosian, Davit G"]
[Result "1-0"]
[WhiteElo "2612"]
[BlackElo "2480"]
[PlyCount "119"]
[EventDate "2011.04.10"]
[EventType "swiss"]
[EventRounds "9"]
[EventCountry "UAE"]
[Source "lmi"]
[SourceDate "2011.04.09"]

1. e4 e6 2. d4 d5 3. Nc3 Bb4 4. e5 c5 5. a3 Bxc3+ 6. bxc3 Ne7 7. Qg4 Qc7 8.
Qxg7 Rg8 9. Qxh7 cxd4 10. Ne2 Nbc6 11. h4 dxc3 12. Bg5 Qxe5 13. f4 Qc7 14. Qd3
e5 15. fxe5 Qxe5 16. Bf4 Qf6 17. Bg5 Qh8 18. Bxe7 Nxe7 19. Qxc3 Qxc3+ 20. Nxc3
Bf5 21. Bb5+ Kf8 22. O-O Bh3 23. Rf2 Rc8 24. Nd1 d4 25. Rb1 Be6 26. Bf1 Bd5 27.
Kh2 Ng6 28. Rb5 Rd8 29. c4 Bc6 30. Rbf5 Rg7 31. g3 Be4 32. Ra5 Ne7 33. Re5 Bc6
34. Nb2 Rg4 35. Nd3 Re4 36. Rxe4 Bxe4 37. Nc5 Bf5 38. Nxb7 Rd7 39. Nc5 Rd6 40.
Bd3 Bxd3 41. Nxd3 Ra6 42. Nc5 Rc6 43. Nd7+ Ke8 44. Ne5 Re6 45. Nxf7 d3 46. Ng5
Re3 47. Kg2 Nc6 48. Rf3 Re2+ 49. Kf1 Rd2 50. Ke1 Re2+ 51. Kd1 Rg2 52. Rxd3 Ke7
53. c5 Ne5 54. Re3 Kf6 55. c6 Nc4 56. Rc3 Nb6 57. c7 Nc8 58. Rd3 Rg1+ 59. Kc2
Rg2+ 60. Rd2 1-0

[Event "13. Dubai open 2011"]
[Site "Dubai UAE"]
[Date "2011.04.16"]
[Round "6.17"]
[White "Narayanan, Srinath"]
[Black "Halkias, Stelios"]
[Result "1/2-1/2"]
[WhiteElo "2310"]
[BlackElo "2579"]
[PlyCount "98"]
[EventDate "2011.04.10"]
[EventType "swiss"]
[EventRounds "9"]
[EventCountry "UAE"]
[Source "lmi"]
[SourceDate "2011.04.09"]

1. e4 e5 2. Nf3 Nc6 3. Bb5 a6 4. Ba4 Nf6 5. d3 d6 6. c3 g6 7. O-O Bg7 8. Nbd2
O-O 9. Re1 Nd7 10. Nf1 Nc5 11. Bxc6 bxc6 12. d4 exd4 13. cxd4 Ne6 14. Ng3 Rb8
15. Rb1 c5 16. Be3 cxd4 17. Nxd4 Bb7 18. b3 Nc5 19. Qc2 Re8 20. f3 a5 21. Rbd1
Qe7 22. Nde2 Ne6 23. Bd2 h5 24. h3 a4 25. b4 h4 26. Nf1 Ba6 27. Bc3 Bxe2 28.
Rxe2 Nf4 29. Red2 Bxc3 30. Qxc3 d5 31. Ne3 Qxb4 32. Qxb4 Rxb4 33. Nxd5 Nxd5 34.
exd5 a3 35. Rc2 Rb2 36. Rxb2 axb2 37. Rb1 Rb8 38. Kf2 Kf8 39. Ke3 Ke7 40. Kd4
Kd6 41. Kc3 Kxd5 42. Rxb2 Rxb2 43. Kxb2 Kc4 44. Kc2 g5 45. Kd2 Kb4 46. Kc2 Kc4
47. Kd2 Kb4 48. Kc2 Kc4 49. Kd2 Kb4 1/2-1/2

[Event "13. Dubai open 2011"]
[Site "Dubai UAE"]
[Date "2011.04.16"]
[Round "6.18"]
[White "Mansour, Sameer"]
[Black "Arutinian, David"]
[Result "1/2-1/2"]
[WhiteElo "2301"]
[BlackElo "2575"]
[PlyCount "78"]
[EventDate "2011.04.10"]
[EventType "swiss"]
[EventRounds "9"]
[EventCountry "UAE"]
[Source "lmi"]
[SourceDate "2011.04.09"]

1. d4 g6 2. e4 Bg7 3. Nc3 d6 4. Nf3 Nf6 5. Be2 O-O 6. O-O c6 7. a4 Qc7 8. Re1
e5 9. a5 Rd8 10. Bf1 Nbd7 11. h3 exd4 12. Nxd4 Nc5 13. g3 Re8 14. Bg2 Bd7 15.
Bf4 Nh5 16. Ndb5 cxb5 17. Bxd6 Qc8 18. Bxc5 Qxc5 19. Qxd7 Bd4 20. Nd1 Rad8 21.
Qg4 Qxc2 22. Re2 Qb3 23. Ne3 Bxe3 24. Rxe3 Qxb2 25. Rae1 Rd2 26. Qf3 Re5 27.
Rc3 Rd7 28. Rc8+ Kg7 29. Rd1 Ree7 30. Rxd7 Rxd7 31. Qe3 Qe5 32. Qa3 Rd6 33. Rc5
Rd1+ 34. Kh2 Qd4 35. Rd5 Ra1 36. Qf3 Qb2 37. e5 Ra3 38. Rxb5 Qxb5 39. Qxa3 Qxe5
1/2-1/2

[Event "13. Dubai open 2011"]
[Site "Dubai UAE"]
[Date "2011.04.16"]
[Round "6.19"]
[White "Saduakassova, Dinara"]
[Black "Minasian, Artashes"]
[Result "0-1"]
[WhiteElo "2208"]
[BlackElo "2558"]
[PlyCount "120"]
[EventDate "2011.04.10"]
[EventType "swiss"]
[EventRounds "9"]
[EventCountry "UAE"]
[Source "lmi"]
[SourceDate "2011.04.09"]

1. e4 Nc6 2. Nf3 d6 3. Nc3 Nf6 4. d4 g6 5. h3 Bg7 6. Be3 O-O 7. Qd2 e5 8. d5
Ne7 9. Bh6 Bd7 10. Bd3 c6 11. dxc6 Bxc6 12. Bxg7 Kxg7 13. O-O Qc7 14. Qe2 Rfe8
15. Bb5 a6 16. Bxc6 Qxc6 17. Rad1 Rac8 18. Nd2 d5 19. exd5 Nexd5 20. Nxd5 Nxd5
21. c4 Nf4 22. Qe4 f5 23. Qxc6 Rxc6 24. b3 Ne2+ 25. Kh2 Nc3 26. Ra1 Rd6 27. Nb1
Nxb1 28. Raxb1 Rd2 29. a4 Kf6 30. Kg1 e4 31. Rfe1 Red8 32. Kf1 Ke5 33. c5 Rc2
34. Red1 Rd3 35. b4 Ra3 36. Rdc1 Rxc1+ 37. Rxc1 Rxa4 38. c6 bxc6 39. Rxc6 Kd5
40. Rc7 Rxb4 41. Rxh7 Rb6 42. h4 Kc4 43. g3 a5 44. Rc7+ Kb5 45. h5 gxh5 46. Rf7
Kc4 47. Rxf5 Ra6 48. Rxh5 a4 49. Rh8 a3 50. Rc8+ Kd4 51. Rd8+ Ke5 52. Rd1 a2
53. Ra1 Kf5 54. Ke2 Ra3 55. Kf1 Ke5 56. Ke2 Kd4 57. g4 Ke5 58. Kd2 Kf4 59. Kc1
Kxg4 60. Kb2 Ra8 0-1

[Event "13. Dubai open 2011"]
[Site "Dubai UAE"]
[Date "2011.04.16"]
[Round "6.20"]
[White "Anastasian, Ashot"]
[Black "Grigoryan, Karen H"]
[Result "1/2-1/2"]
[WhiteElo "2556"]
[BlackElo "2463"]
[PlyCount "122"]
[EventDate "2011.04.10"]
[EventType "swiss"]
[EventRounds "9"]
[EventCountry "UAE"]
[Source "lmi"]
[SourceDate "2011.04.09"]

1. Nf3 f5 2. g3 Nf6 3. Bg2 g6 4. O-O Bg7 5. d3 d6 6. e4 Nc6 7. exf5 Bxf5 8. d4
Bg4 9. h3 Bxf3 10. Bxf3 Qd7 11. d5 Ne5 12. Bg2 O-O 13. Qe2 c6 14. c4 cxd5 15.
cxd5 Rac8 16. Nc3 Nh5 17. Nb5 Qf5 18. Nd4 Qd3 19. Qxd3 Nxd3 20. Be3 Nxb2 21.
Ne6 Nc4 22. Rae1 Rfe8 23. Bxa7 Nd2 24. a4 Bh6 25. Bb6 Nxf1 26. Bxf1 Rc1 27.
Rxc1 Bxc1 28. Nd8 Nf6 29. Bb5 Rf8 30. Nxb7 Nxd5 31. Bc4 e6 32. Bd4 Ba3 33. a5
Nc7 34. a6 d5 35. Be2 Kf7 36. a7 Ke7 37. Na5 Kd7 38. Bd1 Na8 39. Ba4+ Kc7 40.
Nc6 Bd6 41. f4 Kb7 42. Na5+ Ka6 43. Nb3 Nb6 44. Bc6 Kxa7 45. Bd7 Kb7 46. Bxe6
Re8 47. Bf7 Re7 48. Bg8 Rd7 49. Kg2 Kc6 50. Kf3 Nc4 51. Bf2 Bc7 52. Nd4+ Kb7
53. g4 Bb6 54. f5 gxf5 55. gxf5 Nd2+ 56. Ke2 Ne4 57. Be3 Bc5 58. Be6 Rd8 59.
Kd3 Kb6 60. Bxd5 Ng3 61. Be6 Nh5 1/2-1/2

[Event "13. Dubai open 2011"]
[Site "Dubai UAE"]
[Date "2011.04.16"]
[Round "6.22"]
[White "Alhuwar, Jasem"]
[Black "Mamedov, Nidjat"]
[Result "0-1"]
[WhiteElo "2334"]
[BlackElo "2580"]
[PlyCount "74"]
[EventDate "2011.04.10"]
[EventType "swiss"]
[EventRounds "9"]
[EventCountry "UAE"]
[Source "lmi"]
[SourceDate "2011.04.09"]

1. Nf3 g6 2. g3 Bg7 3. d4 d6 4. b3 c5 5. Bb2 Nc6 6. Bg2 cxd4 7. Nxd4 Qa5+ 8.
Bc3 Qc5 9. e3 Bd7 10. Qd2 Rc8 11. b4 Qb6 12. Nxc6 Bxc3 13. Qxc3 Nf6 14. Qd4
Bxc6 15. Qxb6 axb6 16. Bxc6+ Rxc6 17. Kd1 Ng4 18. Rf1 Nxh2 19. Re1 Nf3 20. Re2
Kd7 21. Na3 h5 22. Kc1 h4 23. gxh4 Rxh4 24. Rb1 f5 25. Rb3 d5 26. Nb5 e5 27.
Kb2 g5 28. a3 g4 29. Rd3 Ke6 30. Nc3 Rd6 31. Na4 Rh2 32. Nc3 Rd7 33. Rd1 d4 34.
exd4 Rxd4 35. Rf1 e4 36. Ka2 Rd2 37. Kb2 g3 0-1

[Event "13. Dubai open 2011"]
[Site "Dubai UAE"]
[Date "2011.04.16"]
[Round "6.23"]
[White "Ter-Sahakyan, Samvel"]
[Black "Grabinsky, Vladimir"]
[Result "1-0"]
[WhiteElo "2575"]
[BlackElo "2303"]
[PlyCount "79"]
[EventDate "2011.04.10"]
[EventType "swiss"]
[EventRounds "9"]
[EventCountry "UAE"]
[Source "lmi"]
[SourceDate "2011.04.09"]

1. e4 c5 2. Nf3 e6 3. d4 cxd4 4. Nxd4 a6 5. Nc3 Qc7 6. Bd3 Nc6 7. Nxc6 bxc6 8.
f4 d5 9. O-O Nf6 10. e5 Nd7 11. Na4 Nc5 12. Nxc5 Bxc5+ 13. Kh1 a5 14. c4 g6 15.
Bd2 O-O 16. Rc1 Qb6 17. Be1 Bd4 18. Bh4 f5 19. b3 Rf7 20. Qe2 Ba6 21. Rc2 dxc4
22. Bxc4 c5 23. Be1 Bb7 24. Bc3 Be4 25. Bd3 Bxd3 26. Qxd3 Rd7 27. Qc4 Qa6 28.
Qxa6 Rxa6 29. Rd1 Kf7 30. Rcd2 Ke7 31. Bxd4 cxd4 32. Rxd4 Rxd4 33. Rxd4 Rc6 34.
h4 h6 35. Kh2 g5 36. fxg5 hxg5 37. Rc4 Rxc4 38. bxc4 gxh4 39. Kh3 Kd7 40. Kxh4
1-0

[Event "13. Dubai open 2011"]
[Site "Dubai UAE"]
[Date "2011.04.16"]
[Round "6.24"]
[White "Atabayev, Yusup"]
[Black "Lalith, Babu M R"]
[Result "0-1"]
[WhiteElo "2319"]
[BlackElo "2491"]
[PlyCount "120"]
[EventDate "2011.04.10"]
[EventType "swiss"]
[EventRounds "9"]
[EventCountry "UAE"]
[Source "lmi"]
[SourceDate "2011.04.09"]

1. e4 d6 2. d4 Nf6 3. Nc3 Nbd7 4. Nf3 e5 5. Bc4 Be7 6. O-O O-O 7. Qe2 c6 8. Rd1
Qc7 9. a4 a5 10. h3 exd4 11. Nxd4 Nc5 12. Bf4 Nfd7 13. Bg3 Nb6 14. Nf5 Bxf5 15.
exf5 Rad8 16. Qg4 Bf6 17. Ba2 Qe7 18. Re1 Qd7 19. f3 Qc8 20. Ne4 Nxe4 21. fxe4
Qc7 22. c3 Nd7 23. Kh1 Nc5 24. Bc4 Qe7 25. Bf2 Nd7 26. Rad1 Rfe8 27. Qh5 Ne5
28. Bb3 Qc7 29. Bd4 Rd7 30. Rd2 Rde7 31. Ba2 Nd7 32. Rde2 Bxd4 33. cxd4 c5 34.
dxc5 Qxc5 35. Qf3 Nf6 36. Bd5 Qb4 37. b3 h6 38. Bc4 Re5 39. Kh2 Qb6 40. g3 R8e7
41. Qd3 h5 42. Qf3 Qc6 43. Bb5 Qc7 44. Kg2 h4 45. gxh4 d5 46. exd5 Nxd5 47.
Rxe5 Rxe5 48. Rxe5 Qxe5 49. Kf2 Qd4+ 50. Kg3 Qg1+ 51. Qg2 Qe1+ 52. Qf2 Qe5+ 53.
Kg4 Nf6+ 54. Kf3 Qd5+ 55. Kf4 Qxb3 56. Qf3 Qb4+ 57. Ke5 Qc5+ 58. Kf4 Nd5+ 59.
Kg4 Qd4+ 60. Kg5 Qg1+ 0-1

[Event "13. Dubai open 2011"]
[Site "Dubai UAE"]
[Date "2011.04.16"]
[Round "6.25"]
[White "Iskusnyh, Sergei"]
[Black "Daulyte, Deimante"]
[Result "1-0"]
[WhiteElo "2481"]
[BlackElo "2293"]
[PlyCount "91"]
[EventDate "2011.04.10"]
[EventType "swiss"]
[EventRounds "9"]
[EventCountry "UAE"]
[Source "lmi"]
[SourceDate "2011.04.09"]

1. d4 Nf6 2. c4 g6 3. g3 Bg7 4. Bg2 d5 5. cxd5 Nxd5 6. Nf3 Nb6 7. Nc3 O-O 8.
O-O Nc6 9. e3 Re8 10. Re1 e5 11. d5 Na5 12. e4 c6 13. b3 cxd5 14. exd5 Bg4 15.
Ba3 Qd7 16. Rc1 e4 17. Nxe4 Qxd5 18. Qxd5 Nxd5 19. Rc5 Bxf3 20. Bxf3 Nc3 21.
Re3 Nxe4 22. Rxe4 Nc6 23. Rxe8+ Rxe8 24. Bxc6 bxc6 25. Rxc6 Bd4 26. Bc5 Bxc5
27. Rxc5 Re7 28. b4 Kf8 29. Kg2 Ke8 30. Rd5 Re6 31. Rb5 Ra6 32. Ra5 Rxa5 33.
bxa5 Kd7 34. Kf3 Kd6 35. Ke4 f6 36. Kd4 a6 37. h4 Kc6 38. g4 h6 39. h5 gxh5 40.
gxh5 Kd6 41. Ke4 Ke6 42. f4 f5+ 43. Kd4 Kd6 44. a3 Ke6 45. Kc5 Ke7 46. Kd5 1-0

[Event "13. Dubai open 2011"]
[Site "Dubai UAE"]
[Date "2011.04.16"]
[Round "6.26"]
[White "Harutjunyan, Gevorg"]
[Black "Esenov, Annaberdi"]
[Result "1-0"]
[WhiteElo "2468"]
[BlackElo "2283"]
[PlyCount "93"]
[EventDate "2011.04.10"]
[EventType "swiss"]
[EventRounds "9"]
[EventCountry "UAE"]
[Source "lmi"]
[SourceDate "2011.04.09"]

1. e4 c5 2. Nf3 d6 3. d4 cxd4 4. Nxd4 Nf6 5. Nc3 a6 6. Be3 e6 7. f3 b5 8. Qd2
Nbd7 9. g4 Nb6 10. a4 Nc4 11. Bxc4 bxc4 12. a5 Qc7 13. Na4 e5 14. Nf5 Be6 15.
Nb6 Rd8 16. Bg5 h5 17. Bxf6 gxf6 18. Nd5 Bxd5 19. Qxd5 hxg4 20. fxg4 Rb8 21.
Ra4 Rxb2 22. Rxc4 Qb7 23. O-O Qxd5 24. exd5 Kd7 25. Rc6 Rh3 26. Rxa6 Rc3 27.
Ra7+ Rc7 28. Rxc7+ Kxc7 29. Ra1 Kb7 30. Ra4 Rxc2 31. Rb4+ Ka7 32. a6 Rc8 33.
Rb7+ Kxa6 34. Rxf7 Kb6 35. Rxf6 Kc5 36. h4 Kxd5 37. h5 e4 38. h6 Ke5 39. g5 d5
40. h7 Bc5+ 41. Kg2 e3 42. Kf3 d4 43. g6 d3 44. g7 d2 45. Ke2 Rd8 46. Rd6 Bxd6
47. Nxe3 1-0

[Event "13. Dubai open 2011"]
[Site "Dubai UAE"]
[Date "2011.04.16"]
[Round "6.27"]
[White "Gutov, Andrey"]
[Black "Cherednichenko, Svetlana"]
[Result "1/2-1/2"]
[WhiteElo "2445"]
[BlackElo "2278"]
[PlyCount "111"]
[EventDate "2011.04.10"]
[EventType "swiss"]
[EventRounds "9"]
[EventCountry "UAE"]
[Source "lmi"]
[SourceDate "2011.04.09"]

1. d4 f5 2. g3 Nf6 3. Bg2 g6 4. b3 Bg7 5. Bb2 O-O 6. Nf3 d6 7. O-O e6 8. c4 Nc6
9. Nc3 e5 10. dxe5 dxe5 11. Qxd8 Rxd8 12. Rfd1 e4 13. Rxd8+ Nxd8 14. Rd1 Nf7
15. Nd4 Bd7 16. Ndb5 Bxb5 17. Nxb5 c6 18. Nc7 Rd8 19. Rxd8+ Nxd8 20. Bd4 b6 21.
f3 exf3 22. exf3 Nd7 23. Be3 Be5 24. Na6 Ne6 25. Bd2 Nd4 26. f4 Bg7 27. Nb4 c5
28. Nc6 Nxc6 29. Bxc6 Bd4+ 30. Kg2 Nf6 31. Kf3 Kf7 32. h3 h5 33. b4 Ke7 34. b5
Nh7 35. g4 hxg4+ 36. hxg4 Nf6 37. gxf5 gxf5 38. a4 Ng4 39. a5 bxa5 40. Bxa5 Ne3
41. b6 axb6 42. Bxb6 Nxc4 43. Ba7 Kd6 44. Bb5 Nd2+ 45. Ke2 Ne4 46. Bb8+ Ke7 47.
Kd3 Ke6 48. Bc7 Nf2+ 49. Ke2 Kd5 50. Bd7 Ne4 51. Kf3 Nd2+ 52. Ke2 Ne4 53. Kf3
Nd2+ 54. Ke2 Ne4 55. Kf3 Nf2 56. Ke2 1/2-1/2